Water rights : oversight hearings before the Subcommittee on Water and Power Resources of the Committee on Resources, House of Representatives, One Hundred Fourth Congress, first session, on examining the problems that states are facing in water supply, October 4, 1995--Hermiston, OR, October 5, 1995--Boise, ID.

Bibliographic Details
Corporate Author: United States. Congress. House. Committee on Resources. Subcommittee on Water and Power Resources (Author)
Format: Government Document eBook
Language:English
Published: Washington : U.S. Government Printing Office, 1996.
Subjects:
Online Access:https://purl.fdlp.gov/GPO/gpo117668

MARC

Tag First Indicator Second Indicator Subfields
LEADER 00000cam a2200000 i 4500
001 in00004062913
005 20190718165134.0
006 m o d f
007 cr |||||||||||
008 101110s1996 dcua o f000 0 eng c
019 |a 651925184  |a 651966486  |a 657299082  |a 1011773340  |a 1022016773  |a 1069577716 
035 |a (OCoLC)ocn680466544 
040 |a OCLCE  |b eng  |e rda  |e pn  |c OCLCE  |d OCLCQ  |d OCLCF  |d OCLCQ  |d OCLCO  |d OCLCQ  |d NJR  |d OCLCQ  |d OCLCA  |d UWO  |d OCLCQ  |d GPO  |d MvI  |d UtOrBLW 
042 |a dlr 
043 |a n-us-or  |a n-us-id  |a n-us-wa 
049 |a WWW 
074 |a 1023-C (online) 
086 0 |a Y 4.R 31/3:104-47 
088 |a Serial no. 104-47 (United States. Congress. House. Committee on Resources) 
110 1 |a United States.  |b Congress.  |b House.  |b Committee on Resources.  |b Subcommittee on Water and Power Resources,  |e author.  |0 http://id.loc.gov/authorities/names/no95055590 
245 1 0 |a Water rights :  |b oversight hearings before the Subcommittee on Water and Power Resources of the Committee on Resources, House of Representatives, One Hundred Fourth Congress, first session, on examining the problems that states are facing in water supply, October 4, 1995--Hermiston, OR, October 5, 1995--Boise, ID. 
264 1 |a Washington :  |b U.S. Government Printing Office,  |c 1996. 
300 |a 1 online resource (iv, 331 pages) :  |b illustrations 
336 |a text  |b txt  |2 rdacontent 
337 |a computer  |b c  |2 rdamedia 
338 |a online resource  |b cr  |2 rdacarrier 
588 |a Description based on online resource; title from PDF title screen (govinfo web site, viewed on March 18, 2019). 
500 |a "Serial number 104-47." 
610 2 0 |a Umatilla Basin Project (U.S.)  |0 http://id.loc.gov/authorities/names/n85166815 
650 0 |a Water rights  |z Oregon. 
650 0 |a Water rights  |z Idaho. 
650 0 |a Water-supply  |z Columbia River Region. 
650 0 |a Fish habitat improvement  |z Columbia River Region. 
650 0 |a Fish habitat improvement  |z Snake River Region (Wyo.-Wash.) 
655 7 |a Legislative hearings.  |2 lcgft  |0 http://id.loc.gov/authorities/genreForms/gf2013025047 
776 0 8 |i Print version:  |a United States. Congress. House. Committee on Resources. Subcommittee on Water and Power Resources.  |t Water rights  |w (OCoLC)34938158 
776 0 8 |i Microfiche version:  |a United States. Congress. House. Committee on Resources. Subcommittee on Water and Power Resources.  |t Water rights  |w (OCoLC)34938158 
856 4 0 |u https://purl.fdlp.gov/GPO/gpo117668  |t 0 
999 f f |s 4e8c87cf-7ed2-3123-81a4-4d4d0827eb80  |i 706046c8-1afc-330c-8d76-3119148f8743  |t 0 
952 f f |a Texas A&M University  |b College Station  |c Electronic Resources  |d Available Online  |t 0  |e Y 4.R 31/3:104-47  |h Superintendent of Documents classification 
998 f f |a Y 4.R 31/3:104-47  |t 0  |l Available Online